000 00592nam a2200205 i 4500
001 bg
100 1 _aGLAZER, Zygmunt
245 0 _aGeologia i geotechnika dla inżynierów budownictwa /
_cZygmunt Glazer, Jan Malinowski.
260 _aWarszawa :
_bWydaw. Naukowe PWN,
_c1991.
300 _a391, [1] s. :
_bfot., rys., wykr. ;
_c24 cm.
504 _aBibliogr. s. 391-[392].
700 1 _aMALINOWSKI, Jan
020 _a8301102942
040 _cBPK
041 _apol
080 _a55:624.131.2/.6
920 _a83-01-10294-2
942 _cKS
008 s pl f |000 0 pol
999 _c29576
_d29576
856 _uhttp://koha.tu.koszalin.pl/cgi-bin/koha/opac-detail.pl?biblionumber=29576
_yKatalog online BPK